Loading...
| Current Events | 2 | 25.00 | 100% | 100% | 50% |
| Fine Arts - Auditory Fine Arts | 3 | 6.67 | 67% | 0% | 0% |
| Fine Arts - Visual Fine Arts | 11 | 7.27 | 64% | 9% | 0% |
| Geography | 4 | 22.50 | 100% | 100% | 25% |
| History - American History | 4 | 17.50 | 100% | 50% | 25% |
| History - Ancient History | 2 | 10.00 | 100% | 0% | 0% |
| History - European History | 5 | 12.00 | 100% | 20% | 0% |
| History - World History | 3 | 16.67 | 100% | 33% | 33% |
| Literature - American Literature | 2 | 10.00 | 100% | 0% | 0% |
| Literature - British Literature | 4 | 10.00 | 75% | 0% | 25% |
| Literature - European Literature | 2 | 15.00 | 100% | 50% | 0% |
| Literature - World Literature | 6 | 13.33 | 83% | 33% | 17% |
| Philosophy | 7 | 15.71 | 86% | 57% | 14% |
| Religion | 6 | 23.33 | 100% | 83% | 50% |
| Science - Biology | 5 | 6.00 | 60% | 0% | 0% |
| Science - Chemistry | 4 | 7.50 | 75% | 0% | 0% |
| Science - Other Science | 8 | 11.25 | 88% | 25% | 0% |
| Science - Physics | 5 | 10.00 | 100% | 0% | 0% |
| Social Science | 8 | 15.00 | 88% | 50% | 13% |